|
|
|
|
| LEADER |
00000nam1a2200000 4500 |
| 001 |
307505 |
| 005 |
20231101011759.0 |
| 020 |
|
|
|a RU
|b 81-62831
|
| 035 |
|
|
|a (RuTPU)RU\TPU\book\332798
|
| 090 |
|
|
|a 307505
|
| 100 |
|
|
|a 20151021d1981 u a0rusy5003 ca
|
| 101 |
0 |
|
|a rus
|
| 200 |
1 |
|
|a А. В. Луначарский о массовых празднествах, эстраде, цирке
|e [Сборник
|f Вступит. статья и коммент. С. Дрейдена]
|
| 210 |
|
|
|a Москва
|c Искусство
|d 1981
|
| 215 |
|
|
|a 424 с.
|c ил., 1 л. портр.
|d 21 см.
|
| 610 |
0 |
|
|a Праздники массовые
|
| 610 |
0 |
|
|a Театрализованные представления массовые
|
| 610 |
0 |
|
|a Эстрада
|
| 610 |
0 |
|
|a Цирковое искусство
|
| 675 |
|
|
|a 791.6
|z rus
|
| 686 |
|
|
|a 85.3
|2 rubbk
|
| 700 |
|
1 |
|a Луначарский
|b Анатолий Васильевич
|4 070
|
| 801 |
|
0 |
|a RU
|b RuMRKP
|c 19950704
|g psbo
|
| 801 |
|
1 |
|a RU
|b 63413507
|c 20151021
|
| 942 |
|
|
|c BK
|